| 000 | 00457nam a2200181Ia 4500 | ||
|---|---|---|---|
| 005 | 20250423101226.0 | ||
| 008 | 250422s9999 xx 000 0 und d | ||
| 020 | _a0-582-41776-7 | ||
| 050 | _aPZ 7 .F73 D53/ | ||
| 100 | _aFrank, Anne | ||
| 245 | 4 | _aThe diary of a young girl | |
| 260 | _aHarlow, Essex | ||
| 260 | _bPearson | ||
| 260 | _c2001 | ||
| 300 | _a56 p | ||
| 650 | _aEnglish language -- Study and teaching Readers -- Level 4 | ||
| 942 | _cBK | ||
| 999 |
_c35668 _d35668 |
||